| 000 | 00498nam a2200157 4500 | ||
|---|---|---|---|
| 999 |
_c511708 _d511708 |
||
| 008 | 191004b ||||| |||| 00| 0 eng d | ||
| 100 |
_aShrikhande, Sudarshan _911875 |
||
| 245 | _aInfluence and leverage of Indian sea power from Kargil to future readiness | ||
| 260 | _bJournal of Defence Studies | ||
| 300 | _a13(3), Jul-Sep, 2019: p.115-137. | ||
| 650 |
_aKargil conflict _911876 |
||
| 650 |
_aSea _911877 |
||
| 773 | _aJournal of Defence Studies | ||
| 906 | _aKargil war | ||
| 942 |
_2ddc _cAR |
||